| 000 | 00545nam a2200145 4500 | ||
|---|---|---|---|
| 082 | _aMSCS-3 SOH | ||
| 100 | _aSohaiba Iqbal | ||
| 245 | _aStatistical model checking of relief supply location and distribution in natural disaster management | ||
| 260 |
_a(Islamabad) _bNUST-SEECS |
||
| 300 | _a44p. | ||
| 856 | _uhttp://10.250.8.41:8080/xmlui/handle/123456789/23129 | ||
| 942 |
_2ddc _cTHE |
||
| 999 |
_c342363 _d342363 |
||